00596nam a2200157 a 450000100100000000500170001000800410002704000250006808200150009310000380010824500640014626000770021030000210028795201130030899900170042100002727720200930030723.0110331s1945 dr r 000 0 spa d aDO-SdBNPbspacBNPHU axxxxbI37h1 aIncháustegui, J. Mariano95433910aHistoria dominicana 1844-1944 /cJ. Mariano Incháustegui. aCiudad Trujillo, República Dominicana :bLibrería Dominicana,c1945. a209 p. ;c20 cm. 001050718RVaPDbPDcHDd2011-03-31iLF1l0oxxxx I37hp27277-10r2020-06-25w2020-06-25y1ZNo se presta c26769d26769